| 000 | 01604nam a2200265Ia 4500 | ||
|---|---|---|---|
| 999 |
_c52990 _d52990 |
||
| 001 | 20021 | ||
| 003 | GE_BSU | ||
| 005 | 20200602181838.0 | ||
| 008 | 181216s1968||||ge |||||||||||||| ||geo|| | ||
| 040 | _cGE_BSU | ||
| 041 | _ageo | ||
| 080 | _a811.353.1'367 ჩ-69 | ||
| 100 |
_aჩიქობავა, არნოლდ _91234 |
||
| 245 |
_aმარტივი წინადადების პრობლემა ქართულში = Проблема простого предложения в грузинском языке = Problème de la proposition simple en Georgien : ტომი 1: ქვემდებარე–დამატების საკითხი ძველს ქართულში : _bმასალები მეთოდოლოგიური იმანენტიზმისათვის / _cარნოლდ ჩიქობავა. |
||
| 250 | _aმე-2 გამოცემა | ||
| 264 |
_aთბილისი : _bმეცნიერება, _c1968. |
||
| 300 |
_a020, 295 გვ. ; _c26 სმ. |
||
| 520 | _aრეზიუმე რუსულ და ფრანგულ ენებზე | ||
| 541 | _h4ლ.36თ. | ||
| 653 | _aმარტივი წინადადება ქართულ ენაში | ||
| 653 | _aქართული ენა | ||
| 710 |
_aსაქართელოს სსრ მეცნიერებათა აკადემია _98277 |
||
| 710 |
_aენათმეცნიერების ინსტიტუტი _98278 |
||
| 942 |
_cBK _2udc |
||